Villes de la RDA en images - Statistiques

Statistiques générales
  • Ce quiz a été pris 22 fois
  • Le résultat moyen est 4 sur 15
Statistiques - réponses
Par images Réponse % Correct
Berlin
100%
Karl-Marx-Stadt
50%
Dresden
40%
Leipzig
40%
Rostock
30%
Erfurt
20%
Jena
20%
Halle
15%
Magdeburg
15%
Potsdam
10%
Gera
5%
Greifswald
5%
Schwerin
5%
Dessau
0%
Neubrandenburg
0%
Aucun quiz correspondant
Distribution des résultats
% des personnes avec chaque résultat
Percentile par nombre de réponses
Votre historique - résultats
Vous n’avez pas pris ce quiz